000 00459nam a22001217a 4500
008 220102b |||||||| |||| 00| 0 eng d
082 _222
100 _aகுருபாதம், எஸ்.
245 _aமறுபிறப்பு பற்றிய ஆச்சரியமான தகவல்கள்
260 _aசென்னை
_bமணிமேகலைப் பிரசுரம்
_c2012
300 _a xii, 370 பக்கம்.
942 _cV
999 _c2
_d2